[Event "SVK-chT3A2 1314"]
[Site "Slovakia"]
[Date "2014.03.02"]
[Round "10.5"]
[White "Vizvari, Ludovit"]
[Black "Skapikova, Lubica"]
[Result "1-0"]
[WhiteElo "1996"]
[BlackElo "1893"]
[PlyCount "105"]
[EventDate "2013.10.13"]
[EventType "team-tourn"]
[EventRounds "11"]
[EventCountry "SVK"]
[SourceTitle "EXT 2015"]
[Source "ChessBase"]
[SourceDate "2014.11.20"]
[SourceVersion "1"]
[SourceVersionDate "2014.11.20"]
[SourceQuality "1"]
[WhiteTeam "Velky Meder MSK Corvin"]
[BlackTeam "Senica SK"]
[WhiteTeamCountry "SVK"]
[BlackTeamCountry "SVK"]

1. d4 f5 2. c4 Nf6 3. g3 g6 4. Bg2 Bg7 5. Nc3 0-0 6. Nf3 d6 7. 0-0 Nbd7 8. Re1 e5 9. e4 fxe4 10. Nxe4 Nxe4 11. Rxe4 Nf6 12. Bg5 exd4 13. Nxd4 Re8 14. Rxe8+ Qxe8 15. Qd2 c6 16. Re1 Qf7 17. Qf4 Ne8 18. Qxf7+ Kxf7 19. Rd1 Be5 20. b3 Ng7 21. Nf3 Bg4 22. Nxe5+ dxe5 23. f3 Be6 24. Re1 Nf5 25. Rxe5 h6 26. Bc1 Rd8 27. Kf2 Rd1 28. Re1 Rxe1 29. Kxe1 h5 30. Kd2 Ke7 31. Kd3 Kd6 32. Bf4+ Ke7 33. Bb8 a6 34. c5 Bd5 35. Be5 Ke6 36. Bc3 Ke7 37. Ke2 Nh6 38. Kf2 Nf7 39. Bf1 Ng5 40. Be2 Ne6 41. Ke3 Nxc5 42. Bb4 b6 43. Bxa6 Ke6 44. Bxc5 bxc5 45. Bc4 Ke5 46. h4 Ke6 47. a4 Ke5 48. a5 Kd6 49. g4 hxg4 50. fxg4 Bg2 51. Kf4 Bh1 52. h5 gxh5 53. gxh5 1-0

[Event "SVK-chT3A2 1314"]
[Site "Slovakia"]
[Date "2014.02.02"]
[Round "8.6"]
[White "Kolenak, Matus"]
[Black "Vizvari, Ludovit"]
[Result "1-0"]
[WhiteElo "1949"]
[BlackElo "1996"]
[PlyCount "42"]
[EventDate "2013.10.13"]
[EventType "team-tourn"]
[EventRounds "11"]
[EventCountry "SVK"]
[SourceTitle "EXT 2015"]
[Source "ChessBase"]
[SourceDate "2014.11.20"]
[SourceVersion "1"]
[SourceVersionDate "2014.11.20"]
[SourceQuality "1"]
[WhiteTeam "Trnava Lokomotiva III"]
[BlackTeam "Velky Meder MSK Corvin"]
[WhiteTeamCountry "SVK"]
[BlackTeamCountry "SVK"]

1. e4 c5 2. Nf3 e6 3. c3 d5 4. exd5 exd5 5. d4 Nc6 6. Bd3 cxd4 7. 0-0 Nf6 8. Re1+ Be7 9. Nxd4 Nxd4 10. cxd4 0-0 11. Nc3 Be6 12. Qb3 Qd7 13. Bf4 Bd6 14. Bxd6 Qxd6 15. Rac1 a6 16. Na4 b5 17. Nc5 Nd7 18. Qc2 g6 19. Nxe6 fxe6 20. Bxg6 hxg6 21. Qxg6+ Kh8 1-0

[Event "SVK-chT3A2 1314"]
[Site "Slovakia"]
[Date "2013.10.27"]
[Round "2.4"]
[White "Sarmir, Milos"]
[Black "Vizvari, Ludovit"]
[Result "0-1"]
[WhiteElo "2075"]
[BlackElo "1996"]
[PlyCount "74"]
[EventDate "2013.10.13"]
[EventType "team-tourn"]
[EventRounds "11"]
[EventCountry "SVK"]
[SourceTitle "EXT 2015"]
[Source "ChessBase"]
[SourceDate "2014.11.20"]
[SourceVersion "1"]
[SourceVersionDate "2014.11.20"]
[SourceQuality "1"]
[WhiteTeam "Cifer"]
[BlackTeam "Velky Meder MSK Corvin"]
[WhiteTeamCountry "SVK"]
[BlackTeamCountry "SVK"]

1. e4 c5 2. Nf3 e6 3. d4 cxd4 4. Nxd4 a6 5. c4 Nf6 6. Bd3 Nc6 7. Nxc6 dxc6 8. 0-0 e5 9. Qe2 Qc7 10. Bg5 Be7 11. Nc3 Be6 12. Kh1 h6 13. Be3 Ng4 14. Bd2 Rd8 15. f3 Qd6 16. Nd5 cxd5 17. exd5 e4 18. fxg4 exd3 19. Qf3 Bxd5 20. cxd5 Qxd5 21. Qe3 0-0 22. Qxe7 Rfe8 23. Qc7 Re2 24. Rf3 Rxd2 25. Qc3 Rc2 26. Qe1 d2 27. Qd1 Rdc8 28. Rc3 R8xc3 29. bxc3 Qd3 30. h3 Qxc3 31. Kh2 Rc1 32. Qe2 Rxa1 33. Qe8+ Kh7 34. Qe4+ g6 35. Qf4 Kg7 36. g5 hxg5 37. Qxg5 d1Q 0-1

[Event "SVK-chT3A2 1314"]
[Site "Slovakia"]
[Date "2013.10.13"]
[Round "1.4"]
[White "Hudacek, Josef"]
[Black "Vizvari, Ludovit"]
[Result "1-0"]
[WhiteElo "2040"]
[BlackElo "1996"]
[PlyCount "57"]
[EventDate "2013.10.13"]
[EventType "team-tourn"]
[EventRounds "11"]
[EventCountry "SVK"]
[SourceTitle "EXT 2015"]
[Source "ChessBase"]
[SourceDate "2014.11.20"]
[SourceVersion "1"]
[SourceVersionDate "2014.11.20"]
[SourceQuality "1"]
[WhiteTeam "Skalica"]
[BlackTeam "Velky Meder MSK Corvin"]
[WhiteTeamCountry "SVK"]
[BlackTeamCountry "SVK"]

1. e4 c5 2. Ne2 e6 3. g3 Nc6 4. Bg2 Qc7 5. d3 Nf6 6. f4 d6 7. 0-0 Be7 8. c3 0-0 9. h3 h6 10. Nd2 e5 11. Nc4 b5 12. Ne3 Bb7 13. g4 Nd8 14. g5 hxg5 15. fxg5 Nh7 16. h4 g6 17. Ng4 Kg7 18. Qe1 f6 19. gxf6+ Nxf6 20. Bh6+ Kg8 21. Bxf8 Nxg4 22. Bxe7 Qxe7 23. Qg3 Bc8 24. Bh3 Nh6 25. Qxg6+ Qg7 26. Qxg7+ Kxg7 27. Kh2 Bxh3 28. Kxh3 Ndf7 29. Rg1+ 1-0

[Event "SVK-chT3A2 0910"]
[Site "Slovakia"]
[Date "2010.01.31"]
[Round "7.4"]
[White "Both, Lajos"]
[Black "Vizvari, Ludovit"]
[Result "1/2-1/2"]
[WhiteElo "1904"]
[BlackElo "2015"]
[PlyCount "74"]
[EventDate "2009.10.18"]
[EventType "team-tourn"]
[EventRounds "11"]
[EventCountry "SVK"]
[SourceTitle "EXT 2011"]
[Source "ChessBase"]
[SourceDate "2010.11.26"]
[SourceVersion "1"]
[SourceVersionDate "2010.11.26"]
[SourceQuality "1"]
[WhiteTeam "Potonska Veza"]
[BlackTeam "Velky Meder"]
[WhiteTeamCountry "SVK"]
[BlackTeamCountry "SVK"]

1. e4 c5 2. Nf3 e6 3. d4 cxd4 4. Nxd4 a6 5. Be2 b5 6. 0-0 Bb7 7. Qd3 Qc7 8. Be3 Nf6 9. Nd2 Nc6 10. c3 Ne5 11. Qc2 Neg4 12. g3 Nxe3 13. fxe3 Bc5 14. Qd3 Rd8 15. Bf3 0-0 16. Rae1 Rfe8 17. Qe2 e5 18. Nf5 b4 19. c4 a5 20. g4 h6 21. Qg2 Nh7 22. h4 Qb6 23. Nb3 Re6 24. Nxc5 Qxc5 25. b3 g5 26. h5 Nf8 27. Rd1 Ra8 28. Rd3 a4 29. Rfd1 axb3 30. axb3 Bc6 31. Qd2 Kh7 32. Rd6 Ra3 33. Qb2 f6 34. R6d3 Ra8 35. Kf2 Ra3 36. Nd6 Qa7 37. R1d2 Qc5 1/2-1/2

[Event "SVK-chT3A2 0809"]
[Site "Slovakia"]
[Date "2008.11.30"]
[Round "3.5"]
[White "Filip, Frantisek"]
[Black "Vizvari, Ludovit"]
[Result "0-1"]
[WhiteElo "1853"]
[BlackElo "2039"]
[PlyCount "80"]
[EventDate "2008.10.19"]
[EventType "team-tourn"]
[EventRounds "11"]
[EventCountry "SVK"]
[SourceTitle "EXT 2010"]
[Source "ChessBase"]
[SourceDate "2010.11.25"]
[SourceVersion "1"]
[SourceVersionDate "2010.11.25"]
[SourceQuality "1"]
[WhiteTeam "Hlohovec SK Zentiva III"]
[BlackTeam "Velky Meder MSK Thermal"]
[WhiteTeamCountry "SVK"]
[BlackTeamCountry "SVK"]

1. e4 c5 2. Ne2 e6 3. Ng3 Nc6 4. c3 Nf6 5. Qc2 d6 6. Be2 Be7 7. 0-0 0-0 8. d3 Bd7 9. Nd2 Rc8 10. Nf3 a6 11. Be3 b5 12. Qd2 Ng4 13. Bg5 Bxg5 14. Nxg5 Nf6 15. f4 e5 16. f5 Ne7 17. Rf2 d5 18. Nh5 Nxh5 19. Bxh5 f6 20. Nf3 dxe4 21. dxe4 Bc6 22. Qe2 Qb6 23. Nd2 Rfd8 24. Rd1 Rd7 25. Qe3 Rcd8 26. Be2 Nc8 27. c4 Rd4 28. Rff1 Nd6 29. cxb5 axb5 30. Bf3 c4 31. Rfe1 Qa5 32. a3 Nxf5 33. exf5 Bxf3 34. b4 Qc7 35. gxf3 c3 36. Re2 Rd3 37. Qf2 Qd7 38. Rc1 cxd2 39. Rd1 Qxf5 40. Rexd2 Qg5+ 0-1

[Event "SVK-chT3A2 0809"]
[Site "Slovakia"]
[Date "2008.11.22"]
[Round "2.5"]
[White "Vizvari, Ludovit"]
[Black "Jozefovic, Milan"]
[Result "1-0"]
[WhiteElo "2039"]
[BlackElo "1894"]
[PlyCount "137"]
[EventDate "2008.10.19"]
[EventType "team-tourn"]
[EventRounds "11"]
[EventCountry "SVK"]
[SourceTitle "EXT 2010"]
[Source "ChessBase"]
[SourceDate "2010.11.25"]
[SourceVersion "1"]
[SourceVersionDate "2010.11.25"]
[SourceQuality "1"]
[WhiteTeam "Velky Meder MSK Thermal"]
[BlackTeam "Holic"]
[WhiteTeamCountry "SVK"]
[BlackTeamCountry "SVK"]

1. d4 d5 2. c4 e6 3. Nc3 Nf6 4. Nf3 Nc6 5. a3 a5 6. Bg5 Be7 7. e3 h6 8. Bh4 Ne4 9. Bxe7 Nxe7 10. Rc1 Nxc3 11. Rxc3 c6 12. Bd3 dxc4 13. Bxc4 Nd5 14. Rc1 0-0 15. 0-0 f6 16. Ba2 Kh8 17. Re1 Qb6 18. Qc2 Qd8 19. Bb1 f5 20. Ne5 Qf6 21. Qe2 Ne7 22. f4 Ng6 23. Nd3 Rf7 24. Ba2 Re7 25. Rc3 Bd7 26. Ne5 Nxe5 27. dxe5 Qf7 28. Rd1 Rc8 29. Rcd3 c5 30. Qd2 Bc6 31. Qxa5 b5 32. Rd8+ Rxd8 33. Rxd8+ Kh7 34. Rd6 Be4 35. Qxb5 Qg6 36. Qe2 Qe8 37. Bc4 Qc8 38. Qd2 g5 39. a4 gxf4 40. exf4 Qg8 41. g3 Qf7 42. Bf1 c4 43. Bxc4 h5 44. Bb5 Bd5 45. b3 h4 46. Bc4 Be4 47. Bd3 Bd5 48. Bc4 Be4 49. Qe3 Qg8 50. Bb5 Qg4 51. Be2 Qh3 52. Bf1 Qg4 53. Bg2 Bxg2 54. Kxg2 h3+ 55. Kf2 Rc7 56. Qd2 Qg7 57. b4 Qe7 58. b5 Qe8 59. b6 Rc4 60. Rd7+ Kg6 61. b7 Qb8 62. Qa5 Rc2+ 63. Ke3 Qf8 64. Rd6 Rb2 65. Qa8 Rb3+ 66. Kd4 Qe7 67. b8Q Rxb8 68. Qxb8 Kh5 69. Ke3 1-0

[Event "SVK-chT3A2 0809"]
[Site "Slovakia"]
[Date "2008.10.19"]
[Round "1.4"]
[White "Brunovsky, Peter"]
[Black "Vizvari, Ludovit"]
[Result "0-1"]
[WhiteElo "1753"]
[BlackElo "2039"]
[PlyCount "78"]
[EventDate "2008.10.19"]
[EventType "team-tourn"]
[EventRounds "11"]
[EventCountry "SVK"]
[SourceTitle "EXT 2010"]
[Source "ChessBase"]
[SourceDate "2010.11.25"]
[SourceVersion "1"]
[SourceVersionDate "2010.11.25"]
[SourceQuality "1"]
[WhiteTeam "Gbely Nafta"]
[BlackTeam "Velky Meder MSK Thermal"]
[WhiteTeamCountry "SVK"]
[BlackTeamCountry "SVK"]

1. d4 d5 2. c4 e6 3. Nf3 c5 4. g3 Nc6 5. cxd5 exd5 6. Bg2 Nf6 7. 0-0 Be7 8. Nc3 0-0 9. b3 Re8 10. Bb2 Be6 11. Re1 Qd7 12. e3 Bg4 13. dxc5 Bxc5 14. Qd2 Rad8 15. Nd4 Nxd4 16. exd4 Bb4 17. f3 Bh3 18. a3 Bxc3 19. Bxc3 Bxg2 20. Kxg2 Qb5 21. b4 Rc8 22. Rxe8+ Qxe8 23. Re1 Qa4 24. Qb2 b5 25. Re2 Qa6 26. Be1 Rc4 27. Bf2 Qc8 28. h3 Ne8 29. g4 g6 30. Bg3 Ng7 31. Be5 Ne6 32. Qd2 Qd8 33. Qh6 f6 34. Bf4 Nxd4 35. Re3 Rc2+ 36. Kf1 Qc8 37. Re7 Qc4+ 38. Ke1 Nxf3+ 39. Kd1 Qd3+ 0-1

[Event "SVK-chT3A2 0607"]
[Site "Slovakia"]
[Date "2007.02.11"]
[Round "8"]
[White "Vizvari, Ludovit"]
[Black "Kollarik, Gorazd"]
[Result "1-0"]
[WhiteElo "2033"]
[BlackElo "1976"]
[PlyCount "92"]
[EventDate "2006.10.08"]
[EventType "team-tourn"]
[EventRounds "11"]
[EventCountry "SVK"]
[SourceTitle "EXT 2008"]
[Source "ChessBase"]
[SourceDate "2007.11.25"]
[SourceVersion "1"]
[SourceVersionDate "2007.11.25"]
[SourceQuality "1"]
[WhiteTeam "Velky Meder"]
[BlackTeam "Hlohovec Junior"]
[WhiteTeamCountry "SVK"]
[BlackTeamCountry "SVK"]

1. d4 d5 2. c4 e6 3. Nc3 Nf6 4. Nf3 Be7 5. Bf4 c6 6. e3 0-0 7. c5 b6 8. b4 Nbd7 9. Bd3 Bb7 10. h3 b5 11. a4 a6 12. a5 Nh5 13. Bh2 g6 14. Qe2 f5 15. 0-0-0 Nhf6 16. Ng5 Ne4 17. Nxe6 Nxc3 18. Qc2 Qc8 19. Qxc3 Rf7 20. Nf4 Nf6 21. Qc2 Qd7 22. f3 Bd8 23. g4 fxg4 24. hxg4 Bc8 25. Bg3 Rg7 26. Qf2 Ra7 27. Bc2 Qe8 28. Nd3 Bc7 29. Ne5 Re7 30. Rde1 Bxe5 31. dxe5 Nd7 32. f4 Nf8 33. Bh4 Rf7 34. Qg3 Rab7 35. f5 Ra7 36. e6 Nxe6 37. fxe6 Qxe6 38. g5 Rae7 39. e4 dxe4 40. Bb3 Qe5 41. Qxe5 Rxe5 42. Rhf1 Be6 43. Bg3 Rd5 44. Bxd5 Bxd5 45. Rxf7 Kxf7 46. Rf1+ Ke6 1-0

[Event "SVK-chT3A2 0607"]
[Site "Slovakia"]
[Date "2007.01.28"]
[Round "7"]
[White "Csiba, Dominik"]
[Black "Vizvari, Ludovit"]
[Result "1-0"]
[WhiteElo "2070"]
[BlackElo "2033"]
[PlyCount "67"]
[EventDate "2006.10.08"]
[EventType "team-tourn"]
[EventRounds "11"]
[EventCountry "SVK"]
[SourceTitle "EXT 2008"]
[Source "ChessBase"]
[SourceDate "2007.11.25"]
[SourceVersion "1"]
[SourceVersionDate "2007.11.25"]
[SourceQuality "1"]
[WhiteTeam "Galanta"]
[BlackTeam "Velky Meder"]
[WhiteTeamCountry "SVK"]
[BlackTeamCountry "SVK"]

1. d4 d5 2. c4 e6 3. Nf3 c5 4. cxd5 exd5 5. Nc3 Nc6 6. e3 Nf6 7. Bb5 Bg4 8. Qa4 Bd7 9. Ne5 Qc8 10. 0-0 a6 11. Bxc6 Bxc6 12. Nxc6 Qxc6 13. Qxc6+ bxc6 14. Na4 cxd4 15. exd4 Rb8 16. a3 Kd7 17. Bf4 Bd6 18. Nc5+ Bxc5 19. Bxb8 Bxd4 20. Bg3 Ne4 21. Rab1 Nxg3 22. hxg3 c5 23. b4 Rc8 24. bxc5 Bxc5 25. a4 Rc7 26. Rb8 a5 27. Rd1 Kc6 28. Rb5 d4 29. Kf1 Bb4 30. Rxd4 Re7 31. Rd1 f6 32. f3 h6 33. g4 Re6 34. Rc1+ 1-0

[Event "SVK-chT3A2 0607"]
[Site "Slovakia"]
[Date "2006.10.08"]
[Round "1"]
[White "Podjavorinsky, Peter"]
[Black "Vizvari, Ludovit"]
[Result "1-0"]
[WhiteElo "1704"]
[BlackElo "2033"]
[PlyCount "63"]
[EventDate "2006.10.08"]
[EventType "team-tourn"]
[EventRounds "11"]
[EventCountry "SVK"]
[SourceTitle "EXT 2008"]
[Source "ChessBase"]
[SourceDate "2007.11.25"]
[SourceVersion "1"]
[SourceVersionDate "2007.11.25"]
[SourceQuality "1"]
[WhiteTeam "Vrbove"]
[BlackTeam "Velky Meder"]
[WhiteTeamCountry "SVK"]
[BlackTeamCountry "SVK"]

1. e4 c5 2. Nf3 e6 3. d4 cxd4 4. Nxd4 a6 5. Bd3 Nf6 6. Nc3 Qc7 7. 0-0 Nc6 8. Nf3 Bb4 9. Bd2 0-0 10. Qe2 Ng4 11. e5 Ngxe5 12. Nxe5 Qxe5 13. Qg4 f5 14. Qh3 Qf6 15. a3 Ba5 16. b4 Bc7 17. Ne2 d5 18. Ng3 g6 19. f4 e5 20. Bc3 d4 21. fxe5 Bxe5 22. Bd2 Be6 23. Qh6 Qg7 24. Qh4 Bf6 25. Qh3 Qd7 26. Bf4 Ne5 27. Bxe5 Bxe5 28. Qh4 Rac8 29. Rae1 Bf6 30. Qh6 Bc4 31. Nxf5 Bxd3 32. Re7 1-0